Adaptívne metódy HARQ

Gespeichert in:
Bibliographische Detailangaben
1. Verfasser: Martinovič, Michal, 1987- (Verfasst von)
Weitere Verfasser: Kotuliaková, Kvetoslava, 1968- (Betreuung Doktorarbeit)
Format: Manuskript Buch
Sprache:Slowakisch
Veröffentlicht: Bratislava : STU v Bratislave FEI, 2010
Schlagworte:
Online-Zugang:VAIS
Tags: Tag hinzufügen
Keine Tags, Fügen Sie das erste Tag hinzu!

MARC

LEADER 00000ntm a22000003a 4500
001 stu209481
005 20150617230104.1
008 100818s2010------------------------slo-d
040 |a STU  |b slo 
041 0 |a slo 
100 1 |a Martinovič, Michal,  |d 1987-  |4 aut  |u E  |T FEI Fakulta elektrotechniky a informatiky  |X 49932  |U E  |Y 30  |7 A000049932 
242 0 0 |a Adaptive HARQ methods   |y eng 
245 1 |a Adaptívne metódy HARQ 
260 |a Bratislava :  |b STU v Bratislave FEI,  |c 2010 
300 |a 45 s 
650 7 |a Telekomunikácie  |2 stusub 
650 7 |a priepustnosť  |2 stusub 
650 7 |a adaptívne systémy  |2 stusub 
650 7 |a HARQ  |2 stusub 
700 1 |a Kotuliaková, Kvetoslava,  |d 1968-  |4 ths  |u E070  |U FEI Fakulta elektrotechniky a informatiky  |T FEI Ústav telekomunikácií  |X 2015  |U E070  |Y 818  |7 A000002015 
856 4 |a info a plný text  |u http://is.stuba.sk/zp/portal_zp.pl?podrobnosti=48886  |3 VAIS 
996 |b 284ER00077  |c E*Bc-77  |l EE16  |s P  |a 0  |w stu209481_0001